000 00484nam a2200193Ia 4500
003 GCL
008 140319s9999 xx 000 0 eng d
040 _aGCL /
_cGCL
082 0 4 _a745.5192
_bH T
100 1 _aHAYES, JOY
245 1 0 _aTREASURY OF DOLLS AND CUDDLY TOYS /
_cHAYES, JOY
260 _a[S.N] :
_bMURDOCH BOOKS ،
_c1995
300 _a112 P
650 0 4 _aHANDICRAFTS
650 0 4 _aKNITTING
650 0 4 _aSOFT TOY MAKING
650 0 4 _aDOLLS MAKING
942 _2ddc
_cBK
999 _c13578
_d13578